Palloni d'Oro della Serie A - Statistics

Statistiche generali
  • Questo quiz è stato fatto 214 volte
    176 dall'ultimo reset
  • Il punteggio medio è 16 su 18
Statistiche sulle risposte
Edizione Nazione Calciatore % Corretto
1998 Francia Zinédine Zidane
96%
2003 Repubblica Ceca Pavel Nedvěd
94%
2004 Ucraina Andrij Ševčenko
93%
1988 Paesi Bassi Marco van Basten
93%
1989 Paesi Bassi Marco van Basten
93%
1992 Paesi Bassi Marco van Basten
93%
1997 Brasile Ronaldo
92%
1983 Francia Michel Platini
91%
1984 Francia Michel Platini
91%
1985 Francia Michel Platini
91%
2007 Brasile Kaká
90%
1993 Italia Roberto Baggio
90%
1987 Paesi Bassi Ruud Gullit
90%
1995 Liberia George Weah
89%
1982 Italia Paolo Rossi
84%
1961 Argentina / Italia Omar Sivori
71%
1990 Germania Ovest Lothar Matthäus
68%
1969 Italia Gianni Rivera
57%
Nessun quiz corrispondente trovato
Distribuzione punteggi
Percentuale di utenti per punteggio
Percentile per numero di risposta
I tuoi punteggi nel tempo
Non hai fatto questo quiz dall'ultimo reset